[Event "Genova Bombrini op"]
[Site "Genova"]
[Date "2014.10.04"]
[Round "3"]
[White "Tammarazio, Saverio"]
[Black "Grasso, Gabriele"]
[Result "1-0"]
[WhiteElo "1893"]
[BlackElo "1715"]
[PlyCount "63"]
[EventDate "2014.10.03"]
[EventType "swiss"]
[EventRounds "5"]
[EventCountry "ITA"]
[SourceTitle "EXT 2016"]
[Source "ChessBase"]
[SourceDate "2015.10.08"]
[SourceVersion "1"]
[SourceVersionDate "2015.10.08"]
[SourceQuality "1"]

1. c3 d5 2. Qc2 Nf6 3. d3 c5 4. Nd2 Nc6 5. e4 e5 6. Be2 Be7 7. Ngf3 Bg4 8. h3 Bxf3 9. Nxf3 d4 10. Bd2 Nd7 11. h4 Qc7 12. a3 0-0-0 13. Rc1 Kb8 14. cxd4 cxd4 15. b4 Rc8 16. Qb3 Qd6 17. 0-0 Nd8 18. Rxc8+ Kxc8 19. Rc1+ Kb8 20. Qc2 Ne6 21. a4 Nb6 22. Qb3 Rc8 23. Rxc8+ Kxc8 24. a5 Nd7 25. g3 Qc6 26. Ne1 g5 27. h5 h6 28. Nc2 Nf6 29. Na3 Ne8 30. Nc4 f6 31. Bg4 N8c7 32. b5 1-0